000 00586nam a2200169 4500
008 020110s1995 ch 0 chita
020 _a95793372678
090 _aBS2310
_bH81c
100 1 _aHouse, H. Wayne
245 1 0 _aChronological and background charts of the New Testament {ch}/
_cH. Wayne House.
260 _aTaiwan :
_bChina Evangelical Seminary Press,
_cc1995.
300 _a162 p. :
_bcharts
490 1 _aAcademic books
650 4 _aBible. N.T.
_xHandbooks, manuals, etc. {ch}
951 _pC-2029
_x00029414
_oBS2310/H81c
_j070613111419078
_d2000-12-21
_cCH
999 _c21333
_d21333